Índice de condiciones para la reconciliación nacional / (Registro nro. 7419)
[ vista simple ]
| 000 -LEADER | |
|---|---|
| fixed length control field | 01111nam a22002657a 4500 |
| 003 - CONTROL NUMBER IDENTIFIER | |
| control field | OSt |
| 005 - DATE AND TIME OF LATEST TRANSACTION | |
| control field | 20210303103828.0 |
| 008 - FIXED-LENGTH DATA ELEMENTS--GENERAL INFORMATION | |
| fixed length control field | 210303s2014 ck ad||gr|||| 00| 0 spa d |
| 020 ## - INTERNATIONAL STANDARD BOOK NUMBER | |
| International Standard Book Number | 9789588049656 |
| 040 ## - CATALOGING SOURCE | |
| Original cataloging agency | CO-JMCR |
| Transcribing agency | CO-JMCR |
| 041 0# - LANGUAGE CODE | |
| Language code of text/sound track or separate title | spa |
| 082 04 - DEWEY DECIMAL CLASSIFICATION NUMBER | |
| Classification number | 362.86188021 / |
| Item number | F981i |
| Edition number | 23 |
| 110 1# - MAIN ENTRY--CORPORATE NAME | |
| Corporate name or jurisdiction name as entry element | Colombia. |
| Subordinate unit | Fundación Social |
| 9 (RLIN) | 14272 |
| 245 10 - TITLE STATEMENT | |
| Title | Índice de condiciones para la reconciliación nacional / |
| Statement of responsibility, etc. | Fundación Social |
| 250 ## - EDITION STATEMENT | |
| Edition statement | Primera edición |
| 260 ## - PUBLICATION, DISTRIBUTION, ETC. | |
| Place of publication, distribution, etc. | [Bogotá] : |
| Name of publisher, distributor, etc. | Organización Internacional para las Migraciones (OIM), |
| Date of publication, distribution, etc. | 2014 |
| 300 ## - PHYSICAL DESCRIPTION | |
| Extent | 3 volúmenes ; |
| Other physical details | ilustraciones y gráficas a color ; |
| Dimensions | 28 cm. |
| 500 ## - GENERAL NOTE | |
| General note | Incluye notas a pie de página. |
| 504 ## - BIBLIOGRAPHY, ETC. NOTE | |
| Bibliography, etc. note | Bibliografía al final de cada volumen. |
| 505 0# - FORMATTED CONTENTS NOTE | |
| Miscellaneous information | V. 1. |
| Title | Piloto Bogotá |
| Miscellaneous information | v. 2. |
| Title | Piloto Medellín |
| Miscellaneous information | v. 3. |
| Title | Piloto San Carlos |
| 650 14 - SUBJECT ADDED ENTRY--TOPICAL TERM | |
| Topical term or geographic name entry element | Víctimas de la violencia |
| Form subdivision | estadísticas |
| Geographic subdivision | Bogotá (Colombia) |
| 9 (RLIN) | 14273 |
| 650 24 - SUBJECT ADDED ENTRY--TOPICAL TERM | |
| Topical term or geographic name entry element | Víctimas de la violencia |
| Form subdivision | estadísticas |
| Geographic subdivision | Medellín (Colombia) |
| 9 (RLIN) | 14274 |
| 650 24 - SUBJECT ADDED ENTRY--TOPICAL TERM | |
| Topical term or geographic name entry element | Víctimas de la violencia |
| Form subdivision | estadísticas |
| Geographic subdivision | San Carlos (Antioquia, Colombia) |
| 9 (RLIN) | 14275 |
| 942 ## - ADDED ENTRY ELEMENTS (KOHA) | |
| Source of classification or shelving scheme | Dewey Decimal Classification |
| Koha item type | Books |
| Withdrawn status | Lost status | Source of classification or shelving scheme | Damaged status | Not for loan | Collection code | Home library | Current library | Date acquired | Source of acquisition | Total Checkouts | Full call number | Barcode | Date last seen | Copy number | Price effective from | Koha item type |
|---|---|---|---|---|---|---|---|---|---|---|---|---|---|---|---|---|
| Dewey Decimal Classification | Non-fiction | Biblioteca Pública José María del Castillo y Rada | Biblioteca Pública José María del Castillo y Rada | 10/02/2020 | Donación | 362.86188021 / F981i | 201810558 | 05/16/2024 | V.1 / Ej.1 | 03/03/2021 | Books | |||||
| Dewey Decimal Classification | Non-fiction | Biblioteca Pública José María del Castillo y Rada | Biblioteca Pública José María del Castillo y Rada | 10/02/2020 | Donación | 362.86188021 / F981i | 201810559 | 05/16/2024 | V.3 / Ej.1 | 03/03/2021 | Books | |||||
| Dewey Decimal Classification | Non-fiction | Biblioteca Pública José María del Castillo y Rada | Biblioteca Pública José María del Castillo y Rada | 10/02/2020 | Donación | 362.86188021 / F981i | 201810541 | 05/16/2024 | V.2 / Ej.1 | 03/03/2021 | Books |